Рассмотрение платоновской философии и Прокла Диадоха (Запис № 308620)

МАРК-запис
000 -Лідер
fixed length control field 00957nam a22002897a 4500
001 - Контрольний номер
control field 22401
003 - Ідентифікатор контрольного номера
control field UA-OsUOA
005 - Дата та час останнього входження (трансакції)
control field 20230222120420.0
007 - Фіксоване поле фізичного опису
fixed length control field ta
008 - Елементи даних фіксованої довжини – загальна інформація
fixed length control field 20031219b un ||||| |||| 00| 0 ukr d
040 ## - Джерело каталогізації
Агенція оригінальної каталогізації UA-OsUOA
Мова каталогізації rus
Агенція, яка здійснювала перезапис UA-OsUOA
Агенція, яка здійснювала модифікацію UA-OsUOA
041 ## - Код мови
Код мови тексту/ звукової доріжки чи окремого заголовка (П) rus
044 ## - Код країни видавця/ виробника
Код країни видавця/ виробника (П) RU
080 ## - Індекс Універсальної десяткової класифікації
Індекс Універсальної десяткової класифікації (УДК) (НП) 141.131
090 ## - Локальний шифр розміщення
Класифікаційний індекс УДК 141.131
Авторський знак (НП) П30
100 ## - Основне введення – ім’я особи
Ім’я особи (НП) Петрици И.
110 ## - Наймення організації – загальна інформація
Найменування колективу або юрисдикції як початковий елемент введення Академия наук СССР
245 ## - Відомості про назву
Назва (НП) Рассмотрение платоновской философии и Прокла Диадоха
Дані про відповідальність (НП) Иоанэ Петрици ; редкол. : М. Б. Митин и др.
260 ## - Публікація, розповсюдження і т.п. (Вихідні дані)
Місце публікації, розповсюдження і т.п. (П) Москва
Ім’я/ наймення видавництва, розповсюджувача і т.п. (П) Мысль
Дата публікації, розповсюдження і т.п. (П) 1984
300 ## - Фізичний опис
Обсяг 286 с.
490 ## - Область серії
Назва серії Философское наследие
650 #7 - Додаткове предметне введення – тематичний термін
Джерело заголовка чи терміна UDC
Тематичний термін чи географічна назва, як елемент введення (НП) 14 Філософські системи та погляди
700 1# - Додаткове введення – ім'я особи
Ім’я особи (НП) Митинр М. Б.
Термін відношення ред.
710 1# - Додаткове введення – наймення організації
Наймення організації або юрисдикції, як елемент введення Институт философии
942 ## - Додаткові елементи входу (Коха)
Тип елемента Koha Книги
Source of classification or shelving scheme Universal Decimal Classification
955 ## - Код типу видання за змістом
Код типу видання за змістом (НП) Навчальні видання
Фонди
Стан вилучень Стан втрат Джерело класифікації або схеми стелажів Стан уражень Не для кредиту Постійне місце розташування Поточне розміщення Дата придбання Інвентарний номер Усього замовленно Повний номер виклику Штрих-код Дата останнього перегляду Ціна ефективна від Тип елемента Koha
    Universal Decimal Classification     ЧЗ - Читальна зала ЧЗ - Читальна зала 19/12/2003 62640   141.131 П30 62640 09/02/2022 19/12/2003 Книги